000 00833nam a2200193 a 4500
008 080226s2007 ||||||||||||||||| || u
050 _aIBRD(06)DD/2007/5
100 _aPaci, Pierella
245 1 0 _aEmployment and shared growth: rethinking the role of labor mobility for development
_cEdited by Pierella Paci and Pieter Serneels
260 _aWashington, D.C.
_bWorld Bank
_c2007
350 _a0.00
490 _aDirections in development
650 _aLABOR SUPPLY--DEVELOPING COUNTRIES--CONGRESSES
650 _aMANPOWER POLICY--DEVELOPING COUNTRIES
650 _aPOVERTY--DEVELOPING COUNTRIES--CONGRESSES
700 _aSerneels, Pieter
710 _aWorld Bank
995 _D0.00
_FCBU-MAIN LIBRARY (Kitwe)
_H1
_I0.00
_M1
_UAVAILABLE
_WApr 23, 2008
_ZInternational Publications
999 _c41777
_d41777